مير ی ا ير ا ن يا تر ا (Record no. 94509)
[ view plain ]
| 000 -LEADER | |
|---|---|
| fixed length control field | 00672nam a22002177a 4500 |
| 005 - DATE AND TIME OF LATEST TRANSACTION | |
| control field | 20150625155730.0 |
| 008 - FIXED-LENGTH DATA ELEMENTS--GENERAL INFORMATION | |
| fixed length control field | 140714b xxu||||| |||| 00| 0 Urdu d |
| 010 ## - LCCN (DPL NO) | |
| LC control number | UR-9111 |
| 020 ## - INTERNATIONAL STANDARD BOOK NUMBER | |
| Terms of availability | 350.00 |
| 035 ## - SYSTEM CONTROL NUMBER | |
| System control number | U-7666 |
| 037 ## - SOURCE OF ACQUISITION | |
| Source of stock number/acquisition | DBAD |
| 040 ## - CATALOGING SOURCE | |
| Original cataloging agency | DPL |
| Language of cataloging | Urdu |
| 082 ## - DEWEY DECIMAL CLASSIFICATION NUMBER | |
| Classification number | 910.41 |
| 100 ## - MAIN ENTRY--PERSONAL NAME | |
| Personal name | مہيش پر شا د |
| 245 ## - TITLE STATEMENT | |
| Title | مير ی ا ير ا ن يا تر ا |
| Statement of responsibility, etc | مہيش پر شا د |
| 246 #h - VARYING FORM OF TITLE | |
| Title proper/short title | Meri Iran Yatra |
| Remainder of title | By Mahesh Parshad |
| 260 ## - PUBLICATION, DISTRIBUTION, ETC. (IMPRINT) | |
| Name of publisher, distributor, etc | Urdu & PersianResearch Center |
| Date of publication, distribution, etc | 2013 |
| Place of publication, distribution, etc | Bihar |
| 270 ## - ADDRESS | |
| Address | Gopal Pur,Bakergunj,Siwan, |
| City | Bihar |
| Telephone number | +919839337979 |
| Postal code | - |
| 300 ## - PHYSICAL DESCRIPTION | |
| Extent | 192ص |
| Dimensions | 22Cm (Hb) |
| 942 ## - ADDED ENTRY ELEMENTS (KOHA) | |
| Source of classification or shelving scheme | Dewey Decimal Classification |
| Item type | Urdu Bks |
| Edition | |
| Classification part | 910.41 |
| Call number suffix | م ہ ے |
| Withdrawn status | Lost status | Source of classification or shelving scheme | Damaged status | Not for loan | Collection code | Home library | Current library | Date acquired | Source of acquisition | Cost, normal purchase price | Total Checkouts | Full call number | Barcode | Date last seen | Copy number | Cost, replacement price | Koha item type |
|---|---|---|---|---|---|---|---|---|---|---|---|---|---|---|---|---|---|
| Dewey Decimal Classification | Not For Loan | Non-fiction | D.B.Act.Division | D.B.Act.Division | 25/06/2015 | DBAD/Pub. | 350.00 | 910.41 م ہ ے | U-7666 | 25/06/2015 | 1 | 350.00 | Urdu Bks |
